000
00185 a2200097 4500
001
8879
100
_a
Wheeler C B
245
_a
six plays
260
_a
_b
Oxford
_c
090
_c
7071
_d
7071
942
_a
NUST-CAE
_c
_c
33680
999
_c
243952
_d
243952